000 01122nab a22002417a 4500
999 _c5888
_d5888
003 OSt
005 20260109231358.0
008 190605e xxu||||| |||| 00| 0 spa d
040 _cPJ
100 _94420
_aToledo Ríos, Rafael E.
245 1 3 _aEl trabajo infantil y adolescente en casas particulares (ley 26.844) /
_cRafael E. Toledo Ríos.
260 _aCiudad Autónoma de Buenos Aires :
_bThomson Reuters La Ley,
_c2023.
300 _ap. 26-34
500 _aCita: TR LALEY AR/DOC/1402/2023.
505 _aSumario: I. Objeto.— II. Normativa.— III. Corte Interamericana de Derechos Humanos.— IV. Realidad social.— V. Acciones positivas.
505 _t¿Te interesa el texto completo? Solicitalo al correo: koha@justierradelfuego.gov.ar
650 0 _91316
_aDERECHO LABORAL
650 0 _91323
_aCONTRATO DE TRABAJO
650 0 _94447
_aPERSONAL DE CASAS PARTICULARES
650 0 _92741
_aDERECHOS DE LAS NIÑAS, NIÑOS Y ADOLESCENTES
773 0 _02711
_93168
_dCiudad Autónoma de Buenos Aires : Thomson Reuters La Ley, 1999-2002.
_tRevista de derecho del trabajo. Nº 4 - Julio 2023
942 _2udc
_cANA